Statistics for Countries Closest to Seychelles - 30 Second Sprint

Click here to take the quiz!

General Stats

  • This quiz has been taken 33 times
  • The average score is 8 of 20

Answer Stats

kmcountrymiles% Correct
288Madagascar179
89%
932Kenya579
85%
1178Tanzania732
85%
341Comoros212
67%
1209Somalia751
67%
354Mauritius220
63%
1969Maldives1223
48%
1159Mozambique720
41%
2279Oman1416
41%
2226Uganda1383
41%
1484Ethiopia922
37%
1790Yemen1112
37%
2349India1459
33%
1741Malawi1082
33%
2261Eritrea1405
22%
2273Dem Rep of Congo1412
15%
1915Zambia1190
15%
2125Djibouti1321
11%
2099Zimbabwe1304
11%
351France (at Mayotte)218
0%

Score Distribution

Percentile by Number Answered

Percent of People with Each Score

Your Score History

You have not taken this quiz